Nové organon ; z latiny přeložil Čestmír Stehlík a Alois Stejskal. /

Hlavní autor: Bacon, Francis, 1561-1626
Další autoři: Stehlík, Čestmír, 1886-1928, Stejskal, Alois, překladatel
Jazyk: Čeština
Vydáno: Praha : Česká akademie věd a umění, 1922
Edice: Filosofická bibliotheka. Řada 2
Fyzický popis: 364 s.
Knihy
Uloženo v:
LEADER 00849nam a2200241 a 4500
001 000463659
003 CZ BrMZK
005 20060327104047.0
007 ta
008 930101s1922 xr ****f *** cze d
040 |a BOA001  |b cze 
100 1 |a Bacon, Francis,  |d 1561-1626  |7 jn20000600553 
245 1 0 |a Nové organon ; z latiny přeložil Čestmír Stehlík a Alois Stejskal. /  |c Francis Bacon 
260 |a Praha :  |b Česká akademie věd a umění,  |c 1922 
300 |a 364 s. 
490 1 |a Filosofická bibliotheka. Řada 2 ;  |v č.3 
700 1 |a Stehlík, Čestmír,  |d 1886-1928  |7 jk01120997 
700 1 |a Stejskal, Alois,  |c překladatel 
830 0 |a Filosofická bibliotheka. Řada 2 
910 |a BOA001  |b PK-II-0013.515 
990 |a BK 
993 |a Y 
996 7 |b 3119834917  |c PK-II-0013.515  |l MZK  |r Sklad / do 1 hodiny  |n 16  |w 000463659  |u 000010  |a 1  |e BOA001  |j MZK50  |s A